|
|
|
|
| LEADER |
00627nab a2200157 i 4500 |
| 001 |
delm142541 |
| 005 |
20200130144343.0 |
| 008 |
200130s2009 hu o 0|| hun d |
| 040 |
|
|
|a SZTE Délmagyarország Archívum
|b hun
|
| 041 |
|
|
|a hun
|
| 100 |
1 |
|
|a Fekete Klára
|
| 245 |
1 |
0 |
|a Már kicsempézték a medencéket
|h [elektronikus dokumentum] :
|b január közepén kezdődik a próbaüzem a Napfényfürdőben /
|c Fekete Klára
|
| 260 |
|
|
|c 2009-11-20
|
| 300 |
|
|
|a 1, 3
|
| 490 |
0 |
|
|a Délmagyarország
|v 99 No. 272
|
| 695 |
|
|
|a Szeged, Fürdő Szeged-Ligetfürdő, Élményfürdő Szeged-Ligetfürdő építkezés, Hunguest Hotels, Napfényfürdő
|